Statistics for U Answers Quiz #2

Click here to take the quiz!

General Stats

  • This quiz has been taken 9,378 times
  • The average score is 12 of 20

Answer Stats

ClueAnswer% Correct
Neighbor of TajikistanUzbekistan
90%
Sprinter BoltUsain
89%
Perfect place imagined by Thomas MoreUtopia
86%
Consists of at least 100 billion galaxiesUniverse
86%
Mountain range dividing Europe and AsiaUrals
83%
Tomb of the _______ SoldierUnknown
80%
R&B singer or wedding attendantUsher
77%
Bear constellation, major or minorUrsa
75%
Arm bone. Companion of the radius.Ulna
67%
Small submachine gun, first made in IsraelUzi
67%
Deutschland ____ allesÜber
55%
Japanese noodle soupUdon
46%
Sweet, salty, sour, bitter, and thisUmami
46%
Mr. Heep of the novel "David Copperfield"Uriah
44%
Robotic archenemy of the AvengersUltron
42%
Makers of the game "Assassin's Creed"Ubisoft
41%
The crime of lending money with
a high interest rate
Usury
37%
Substance mined for in the movie "Avatar"Unobtanium
28%
2012 and 2013 Sports Illustrated
Swimsuit Edition cover model
Upton
26%
Ethnic minority of northwest China.
Some have blue eyes
Uyghurs
21%

Score Distribution

Percentile by Number Answered

Percent of People with Each Score

Your Score History

You have not taken this quiz